Top football(soccer) that are sponsored by Adidas - Statistics

General Stats
  • This quiz has been taken 211 times
  • The average score is 9 of 11
Answer Stats
Hint Answer % Correct
RW, Argentina, FC Barcelona Lionel Messi
96%
ST, Uruguay, FC Barcelona Luis Suarez
95%
CM, Croatia, Real Madrid Luka Modric
95%
GK, Germany, FC Bayern Munich Manuel Neuer
95%
LB, Brazil, Real Madrid Marcelo
90%
CAM, Germany, Arsenal Mesut Ozil
86%
CF, Germany, FC Bayern Munich Thomas Muller
85%
RM, Netherlands, FC Bayern Munich Arjen Robben
84%
RB, Brazil, FC Barcelona Dani Alves
79%
CB, Germany, FC Bayern Munich Jerome Boateng
67%
CDM, Germany, FC Bayern Munich Philipp Lahm
52%
No matching quizzes found
Score Distribution
Percent of People with Each Score
Percentile by Number Answered
Your Score History
You have not taken this quiz